Género, mujer y desarrollo: marco para la acción del IICA en América Latina y el Caribe

Salvato in:
Dettagli Bibliografici
Ente Autore: IICA
Natura: testo
Pubblicazione: San José: IICA
Tags: Aggiungi Tag
Nessun Tag, puoi essere il primo ad aggiungerne!!

MARC

LEADER 00000 a a2200000 04500
001 22851
003
040
020 |a 0534-5391  
090 |a 157400  
110 |a IICA  
245 |a Género, mujer y desarrollo: marco para la acción del IICA en América Latina y el Caribe  
260 |a San José:   |b IICA  
300 |a 53 p   |b **no definido**  
999 |c 5878  |d 5878